00804nam a22002057a 450000500170000001000150001702000260003203500130005803700130007108200140008410000220009824500980012026000460021827000730026430000270033750000500036494200280041499900170044295201390045920130501113928.0 aENG-106929 a9788177083262c670.00 aEN-90462 bDBAD/PUB a346.54048 aLokganathan, E.T. aIntellectual Property Rights (IPRS) :cby E.T. LokganathanbTRIPS Agreement and Indian laws / aNew DelhibNew Century Publicationsc2012 a4800/24, Bharat Ram Road, Ansari Road, Darya GanjbNew Delhie110002 axviii,195p. c22cm(Hb) aIncludes bibliographical references and index 2ddccENh346.54048mLOK c74903d74903 001040718NFICaDBADbDBADd2013-04-26eDBAD/PUBg670.00l0o346.54048 CHApEN-90462r2013-04-26 00:00:00t1v670.00w2013-04-26yEN